00370nam a2200145Ia 4500008004100000020001500041041001200056082001600068100002000084245006300104250000800167260002500175300000800200650001600208221030s9999 xx 000 0 und d a0070402116 aEnglish a105.23bBal aE. Balagurusamy 0aObject - Oriented Programming With C++cby E. Balagurusamy a2nd bTMHaNew Delhic2002 a175 aBE Computer